Apertura del curso de 1889-90. (Record no. 165144)

MARC details
000 -LEADER
campo de control de longitud fija 01176nam a22002415i 4500
001 - NÚMERO DE CONTROL
campo de control 165144
003 - IDENTIFICADOR DE NÚMERO DE CONTROL
campo de control ES-MaACL
005 - FECHA Y HORA DE LA ÚLTIMA TRANSACCIÓN
campo de control 20250807210536.0
008 - DATOS DE LONGITUD FIJA--INFORMACIÓN GENERAL
campo de control de longitud fija 050816s1889 sp | |||||||| ||spa d
040 ## - FUENTE DE CATALOGACIÓN
Centro catalogador/agencia de origen CAM
Lengua de catalogación spa
Centro/agencia transcriptor CAM
110 2# - ENTRADA PRINCIPAL--NOMBRE DE ENTIDAD CORPORATIVA
Nombre de entidad corporativa o nombre de jurisdicción como elemento de entrada Institución para la Enseñanza de la Mujer (
Sede del congreso/Lugar de la reunión Valencia)
9 (RLIN) 134511
245 10 - MENCIÓN DEL TÍTULO
Título Apertura del curso de 1889-90.
260 ## - PUBLICACIÓN, DISTRIBUCIÓN, ETC.
Lugar de publicación, distribución, etc. Valencia :
Nombre del editor, distribuidor, etc. [s.n.],
Fecha de publicación, distribución, etc. 1889 (
Fabricante Imprenta de Francisco Vives y cª)
300 ## - DESCRIPCIÓN FÍSICA
Extensión 23, 14 p. ;
Dimensiones 25 cm.
505 8# - NOTA DE CONTENIDO CON FORMATO
Nota de contenido con formato Contiene: Memoria del curso de 1888 á 1889 / por Aniceto Sela (23 p.) y "La mujer en el siglo XIX : discurso leído en el acto de la apertura del curso de 1889 á 1890 de la Institución para la Enseñanza de la Mujer / por Joaquin Pardo de la Casta", con portadilla propia (14 p.)
594 ## - Nota al título y mención de responsabilidad
Nota al título y mención de responsabilidad Tit. tomado de la cub. original.
596 ## - NOTA AL PIE DE IMPRENTA
NOTA AL PIE DE IMPRENTA La fecha del pie de imp. consta en la cub. original.
650 #4 - PUNTO DE ACCESO ADICIONAL DE MATERIA--TÉRMINO DE MATERIA
Término de materia o nombre geográfico como elemento de entrada Mujeres-
Subdivisión general Educación
9 (RLIN) 12094
700 1# - ENTRADA AGREGADA--NOMBRE PERSONAL
Nombre de persona Pardo de la Casta, Joaquín.
9 (RLIN) 130836
700 0# - ENTRADA AGREGADA--NOMBRE PERSONAL
Nombre de persona Sela, Aniceto (
Fechas asociadas al nombre 1863-1935)
9 (RLIN) 105285
852 ## - LOCALIZACIÓN
Ubicación ES-MaACL
Número de control de estantería T-522-F-1
Nota libre -- Enc. hol. conservando la cub. original
-- -- Enc. en un vol. facticio
Holdings
Estatus retirado Estado de pérdida Estado de daño No para préstamo Colección Biblioteca de origen Biblioteca actual Ubicación en estantería Fecha de adquisición Total de préstamos Signatura topográfica completa Código de barras Visto por última vez Precio de reemplazo Tipo de ítem Koha
        Colección de folletos Biblioteca del Ateneo de Madrid Biblioteca del Ateneo de Madrid Depósito folletos 17/01/2008   T-522-F-1 1173158 23/02/2023 23/02/2023 Folleto